000 02198cam a22004694i 4500
003 PE-LiUPU
005 20250731173319.0
008 150625s1999 cau rb 000 0 eng d
020 _a1878046535
035 _a(Sirsi) i9781878046536
040 _aPE-LiUPU
_bspa
_cPE-LiUPU
_erda
049 _aPRUA
082 0 4 _a254.5
_bB94
_221
100 1 _aBurrill, Russell,
_eautor.
245 1 0 _aRekindling a los passion :
_brecreating a church planting movement /
_cRussell Burrill.
264 1 _aFallbrook, California :
_bHart Research Center,
_c1999.
300 _a246 páginas ;
_c22 centímetros
336 _atext
_2rdacontent
337 _aunmediated
_2rdamedia
338 _avolume
_2rdacarrier
504 _aIncluye referencias bibliográficas.
505 0 _aA passion for the lost -- Mission-Driven Churches -- The rebirth of the Church-Planting Movement: Early Adventism -- Ellen G. White and church planting -- Why plant a church today? -- Who should plant a church -- Ways to start new churches -- What kind of church should I plant? -- Getting Started: The prenatal phase -- The spiritual Dynamic in church planting -- The first year of the new church -- A plan for discipleship -- Unique church plants -- Financing the new congregation -- Creating healthy churches -- Recreating a church planting movement.
526 _aSEG42
526 _aSEG41
526 _aSEG40
526 _aSEG39
526 _aP94
526 _aP87
526 _aP86
526 _aP85
526 _aP77
526 _aP76
526 _aP35
541 _g101-011821;
650 0 4 _aCrecimiento de iglesia
_xIASD.
650 0 4 _aRenovación de la iglesia
_xIASD.
942 _2ddc
_cBOOK
949 _a254.5 B94
_wDEWEY
_c1
_i57334
_d2016-11-7
_e2016-11-3
_lCCODEBUL1
_mBUL
_n1
_p22.00
_r0
_sY
_tBOOK
_u2015-6-25
_xTEOLOGIA
_zUNKNOWN
_0COMPRA
_o.STAFF. Colección Teología
994 _aC0
_bPEPRU
596 _a1
999 _a254.5 B94
_wDEWEY
_c46418
_i57334
_d46418
_e2016-11-3
_f2021-11-10
_g5
_lCCODEBUL1
_mBUL
_n1
_p22.00
_r0
_sY
_tBOOK
_u2015-6-25
_xTEOLOGIA
_PP35
_0COMPRA
_o.STAFF. Colección Teología
980 _81
_gALBERTO SANCHEZ Responsable de Automatización